Deutsche Literatur - Klassik - Statistiken

Allgemein
  • Dieses Quiz wurde 296 mal gespielt
  • Das Durchschnittsergebnis liegt bei 7 aus 24
Antwortstatistiken
Frage Antwort % Korrekt
Zentrale Frucht in Schillers "Wilhelm Tell" Apfel
77%
Zentraler Ort des literarischen Geschehens der "Klassischen Epoche" Weimar
77%
Griechischer Philosoph, Verfasser einer sehr geachteten Poetik Aristoteles
61%
Historische Königin, Gegenspielerin der "Maria Stuart" bei Schiller Elizabeth I.
52%
Todesursache Kleists Selbstmord
47%
Grenzpass, den Goethe auf berühmter Reise 1786 überschreitet Brenner
42%
Schiller: "Zu Dionys, dem Tyrannen schlich Damon, den Dolch im ..." Gewande
38%
Tragödie Goethes nach antikem Vorbild Iphigenie auf Tauris
38%
Todesjahr Schillers 1805
34%
Titel dieser Schiller-Ballade Die Bürgschaft
31%
Lustspiel Heinrich von Kleists, von Goethe uraufgeführt Der zerbrochene Krug
28%
Traditionell vierter Kopf im Kanon der "Weimarer Klassik" Johann Gottfried Herder
27%
Römischer Götterbote, Titelgeber der Zeitschriften Wielands ("Der teutsche ...") Merkur
26%
Komponist einer Schauspielmusik zu Goethes "Egmont" Ludwig van Beethoven
24%
Ort, an dem Hölderlin die letzten Jahrzehnte seines Lebens verbrachte Tübingen
23%
Titelheld in Goethes Bildungsromanen Wilhelm Meister
22%
Herzogin in Weimar, Auftragsgeberin Wielands und Goethes Anna Amalie
13%
Griechischer Dichter, Autor des Vorbilds Goethes Euripides
13%
Briefroman Hölderlins Hyperion
12%
Vordenker und Initiator der Antikenbegeisterung in Deutschland, Archäologe Johann Joachim Winckelmann
11%
Motto des Reiseberichts bei Goethe: "Auch ich in ..." Arkadien
9%
Schriftsteller des Romans "Anton Reiser" (1790) Karl Philipp Moritz
5%
Epigramme Goethes und Schillers, 1797 Xenien
4%
Antikes Versmaß aus wechselnden Hexametern und Pentametern (Goethe u.a.) Elegie
2%
Keine übereinstimmenden Quizze gefunden
Verteilung der Resultate
Anzahl Personen mit jedem Resultat
Perzentil nach korrekt beantworteten Fragen
Ihre Resultats-Entwicklung
Sie haben dieses Quiz noch nicht gespielt